Madonna - Gone - Lyrics - Statistics

General Stats
  • This quiz has been taken 5 times
  • The average score is 127 of 161
Answer Stats
Answer % Correct
be
100%
go
100%
gone
100%
I
100%
is
100%
it
100%
my
100%
to
100%
you
100%
your
100%
again
75%
away
75%
before
75%
broken
75%
equals
75%
faith
75%
faith)
75%
happen
75%
happens
75%
I'll
75%
I'm
75%
Lose
75%
(Lose
75%
not
75%
Nothing
75%
nothing
75%
out
75%
Selling
75%
stone
75%
stone)
75%
thing
75%
think
75%
Turn
75%
(Turn
75%
Walk
75%
what
75%
won't
75%
Won't
75%
apart
50%
Dream
50%
dream
50%
else's
50%
fall
50%
feel
50%
For
50%
had?
50%
let
50%
Letting
50%
life
50%
never
50%
sad?
50%
should
50%
smart
50%
Someone
50%
very
50%
Why
50%
No matching quizzes found
Score Distribution
Percent of People with Each Score
Percentile by Number Answered
Your Score History
You have not taken this quiz